[Event "AUTO-BEG-408"]
[Site "http://www.queenalice.com/game.php?id=856764"]
[Date "2010.11.9"]
[Round "2"]
[White "Scharlatan"]
[Black "estes1"]
[Result "1-0"]
[WhiteElo "1899"]
[BlackElo "1338"]

1. e4 e5 2. f4 exf4 3. Bc4 Nf6 4. Nf3 Nc6 5. e5 Ne4 6. d3 Ng5 7. O-O Bc5+ 8. Kh1
O-O 9. Bxf4 Nxf3 10. Qxf3 Nd4 11. Qd1 d6 12. exd6 cxd6 13. Nc3 Nf5 14. Ne4 Bb6
15. Qh5 d5 16. Bg5 Qc7 17. Nf6+ gxf6 18. Bxf6 Qd6 19. Qg5+ 1-0

[Event "AUTO-BEG-408"]
[Site "http://www.queenalice.com/game.php?id=856765"]
[Date "2010.11.9"]
[Round "2"]
[White "estes1"]
[Black "carlosufpe"]
[Result "0-1"]
[WhiteElo "1338"]
[BlackElo "1788"]

1. e4 e5 2. Nf3 d6 3. Nc3 Nf6 4. d4 Qe7 5. h3 Nc6 6. Bb5 Bd7 7. O-O O-O-O 8.
dxe5 dxe5 9. Be3 Bxh3 10. Qe2 Bd7 11. a3 h6 12. b4 Qe6 13. Bc4 Qe8 14. Nd2 Bg4
15. Qe1 Be6 16. Nb5 Kb8 17. Bxe6 Qxe6 18. c4 a6 19. Nc3 g5 20. b5 axb5 21. cxb5
Nd4 22. a4 Qg4 23. a5 Bb4 24. Nc4 Nf3+ 0-1

[Event "AUTO-BEG-408"]
[Site "http://www.queenalice.com/game.php?id=856766"]
[Date "2010.11.9"]
[Round "2"]
[White "carlosufpe"]
[Black "estes1"]
[Result "0-1"]
[WhiteElo "1790"]
[BlackElo "1338"]

1. e4 e5 2. Nf3 d6 3. d4 exd4 4. Nxd4 Nf6 5. Nc3 Bd7 6. Be2 Be7 7. Bg5 O-O 8.
Qd3 c5 9. Nf3 Nc6 10. O-O Ne5 11. Nxe5 dxe5 12. Rfd1 Bc6 13. Qg3 Qc7 14. Bb5
Bxb5 15. Nxb5 Qc6 16. Nc3 Rfe8 17. Nd5 Nxe4 18. Nxe7+ Rxe7 19. Qe3 Re6 20. Bh4
Rg6 21. f3 Nf6 22. Bxf6 Qxf6 23. c4 e4 24. Qxe4 Qxb2 25. Rdb1 Qxg2# 0-1

[Event "AUTO-BEG-447"]
[Site "http://www.queenalice.com/game.php?id=874674"]
[Date "2010.12.21"]
[Round "1"]
[White "deepblueII"]
[Black "estes1"]
[Result "1-0"]
[WhiteElo "1461"]
[BlackElo "1394"]

1. e4 e5 2. Nf3 Nc6 3. d3 Nf6 4. Nc3 h6 5. g3 Bc5 6. Bg2 O-O 7. O-O d6 8. Na4
Bd4 9. Nxd4 Nxd4 10. c3 Ne6 11. d4 exd4 12. cxd4 Nh7 13. d5 Nc5 14. b3 Nxa4 15.
bxa4 Nf6 16. Ba3 Re8 17. f3 c6 18. dxc6 bxc6 19. Bxd6 Ba6 20. Re1 Qb6+ 21. Kh1
Rad8 22. e5 Nd5 23. Qd2 Ne7 24. Rab1 Bb5 25. axb5 cxb5 26. Qb4 a6 27. Bxe7 Rd4
28. Bc5 1-0

[Event "AUTO-BEG-447"]
[Site "http://www.queenalice.com/game.php?id=874675"]
[Date "2010.12.21"]
[Round "1"]
[White "estes1"]
[Black "deepblueII"]
[Result "1-0"]
[WhiteElo "1364"]
[BlackElo "1531"]

1. e4 e5 2. Nf3 Nc6 3. Nc3 Nf6 4. d4 exd4 5. Nxd4 Nxd4 6. Qxd4 b6 7. Bf4 Be7 8.
Bc4 c5 9. Qd2 O-O 10. O-O Bb7 11. Rae1 Nh5 12. Be3 Bd6 13. Nd5 Nf6 14. Bg5 h6
15. Bh4 Be5 16. f4 Bd4+ 17. Kh1 g5 18. Nxf6+ Bxf6 19. fxg5 hxg5 20. Bg3 Bxb2 21.
Rf5 Bf6 22. Qe2 Bc3 23. Ref1 d5 24. exd5 Kg7 25. Qh5 f6 26. d6 a6 27. Qg4 b5 28.
Qe2 bxc4 29. Qxc4 Bd4 30. Qe2 a5 31. Qg4 Rh8 32. d7 Bc6 33. Qe2 Rb8 34. Bxb8
Qxb8 35. Qe7+ Kg8 36. d8=Q+ 1-0

[Event "AUTO-BEG-447"]
[Site "http://www.queenalice.com/game.php?id=874690"]
[Date "2010.12.21"]
[Round "1"]
[White "dreamspeaker"]
[Black "estes1"]
[Result "0-1"]
[WhiteElo "1258"]
[BlackElo "1424"]

1. e4 e5 2. Nf3 d6 3. d4 exd4 4. Nxd4 Nf6 5. Bg5 Be7 6. Bb5+ Bd7 7. O-O O-O 8.
a4 Bxb5 9. axb5 Nxe4 10. Re1 Nxg5 11. Nc3 Nd7 12. g3 Nf6 13. f4 Nh3+ 14. Kg2 Qd7
0-1

[Event "AUTO-BEG-447"]
[Site "http://www.queenalice.com/game.php?id=874691"]
[Date "2010.12.21"]
[Round "1"]
[White "estes1"]
[Black "dreamspeaker"]
[Result "1-0"]
[WhiteElo "1433"]
[BlackElo "1249"]

1. e4 e5 2. Nf3 Nc6 3. Nc3 d6 4. h3 Nf6 5. Bc4 a5 6. O-O Nh5 7. d4 Nxd4 8. Nxd4
exd4 9. Qxd4 d5 10. Bxd5 Qg5 11. Bxg5 f6 12. Be3 c6 13. Bc4 Bb4 14. Rad1 Bd7 15.
Qxd7+ 1-0

[Event "AUTO-INT-1944"]
[Site "http://www.queenalice.com/game.php?id=896328"]
[Date "2011.2.5"]
[Round "1"]
[White "McKubik"]
[Black "estes1"]
[Result "0-1"]
[WhiteElo "1479"]
[BlackElo "1405"]

1. e4 e5 2. Nf3 d6 3. Nc3 Nc6 4. g3 Nf6 5. Ng5 Be7 6. Bc4 O-O 7. Nxf7 Rxf7 8.
Bxf7+ Kxf7 9. Qf3 Kg8 10. b3 Bg4 11. Qd3 Qd7 12. h3 Be6 13. a4 Bxh3 14. Rxh3
Qxh3 15. Ba3 Qh1+ 16. Qf1 Qxf1+ 17. Kxf1 Rf8 18. d3 Ng4 19. f4 exf4 20. Kg2 Ne3+
21. Kf2 Nxc2 22. Ra2 Nxa3 23. Rxa3 d5 24. Nxd5 Bxa3 25. d4 fxg3+ 26. Kxg3 Nxd4
27. b4 c6 28. Ne7+ Kh8 29. e5 Bxb4 30. Nf5 Rxf5 31. a5 Rxe5 32. Kf4 Rxa5 33. Ke4
Ne6 34. Kd3 Rc5 35. Ke4 a5 36. Kd3 a4 37. Ke4 a3 0-1

[Event "AUTO-INT-1944"]
[Site "http://www.queenalice.com/game.php?id=896329"]
[Date "2011.2.5"]
[Round "1"]
[White "estes1"]
[Black "McKubik"]
[Result "1-0"]
[WhiteElo "1387"]
[BlackElo "1446"]

1. e4 e5 2. Nf3 Nc6 3. Nc3 Nf6 4. Be2 b6 5. O-O a5 6. Bb5 Ne7 7. d4 exd4 8. Nxd4
g6 9. Nce2 Nxe4 10. Ng3 Nd6 11. Nf3 Ba6 12. Bxa6 Rxa6 13. Bg5 Nc4 14. Qd3 Nxb2
15. Qxa6 Bg7 16. Rae1 O-O 17. Bxe7 Qa8 18. Qb5 Re8 19. Qb3 h5 20. Ba3 Re6 21.
Bxb2 Bh6 22. Rxe6 fxe6 23. Qc3 c5 24. Qh8+ Kf7 25. Qxa8 d6 26. Qb7+ Kf8 27. Qxb6
a4 28. Qxd6+ Kf7 29. Re1 Bf8 30. Qd7+ Be7 31. Rxe6 c4 32. Qxe7+ Kg8 33. Qg7# 1-0

[Event "AUTO-INT-1944"]
[Site "http://www.queenalice.com/game.php?id=896344"]
[Date "2011.2.5"]
[Round "1"]
[White "estes1"]
[Black "Loro"]
[Result "0-1"]
[WhiteElo "1568"]
[BlackElo "1491"]

1. e4 e5 2. Nf3 Nc6 3. Nc3 Nf6 4. Bc4 d6 5. O-O Be7 6. h3 Be6 7. d3 d5 8. exd5
Bxd5 9. Bxd5 Nxd5 10. Ne2 Qd7 11. b3 b5 12. c4 bxc4 13. dxc4 Nf6 14. Ng3 e4 15.
Qxd7+ Nxd7 16. Nxe4 O-O 17. Bb2 f5 18. Neg5 Nb4 19. Ba3 h6 20. Ne6 Rfc8 21. Bxb4
Bxb4 22. Rad1 Nc5 23. Nf4 a5 24. Rd5 Rf8 25. Re1 c6 26. Ng6 Rf6 27. Ne7+ Kh7 28.
Rde5 Nd3 29. Kf1 f4 30. Rh5 Nxe1 31. Nxe1 Re6 32. Nf3 Rxe7 33. Rh4 Rae8 34. Kg1
Re1+ 35. Kh2 R1e2 36. Nd4 Rxf2 37. Nxc6 f3 38. Rg4 Bd6+ 39. Rg3 fxg2 0-1

[Event "AUTO-INT-1944"]
[Site "http://www.queenalice.com/game.php?id=896345"]
[Date "2011.2.5"]
[Round "1"]
[White "Loro"]
[Black "estes1"]
[Result "0-1"]
[WhiteElo "1491"]
[BlackElo "1502"]

1. e4 e5 2. Bc4 Nf6 3. Qf3 Be7 4. Qb3 O-O 5. Nf3 Nc6 6. Ng5 Qe8 7. Qe3 d5 8.
exd5 Nd4 9. Qd3 h6 10. Nf3 Nxf3+ 11. Qxf3 c6 12. dxc6 Qxc6 13. Qg3 Bc5 14. d3
Nh5 15. Qxe5 Re8 16. Qe2 Rxe2+ 17. Kxe2 Qxg2 18. Rf1 Bg4+ 19. Ke1 Re8+ 20. Be3
Bxe3 21. fxe3 Qe2# 0-1

[Event "AUTO-BEG-447"]
[Site "http://www.queenalice.com/game.php?id=933146"]
[Date "2011.5.2"]
[Round "2"]
[White "estes1"]
[Black "galego1"]
[Result "1-0"]
[WhiteElo "1543"]
[BlackElo "1769"]

1. e4 e5 2. Nf3 Nf6 3. Nc3 d6 4. Be2 Be7 5. O-O O-O 6. d4 exd4 7. Nxd4 c5 8. Nf3
b6 9. h3 Bb7 10. Bd3 Re8 11. Ne2 Nxe4 12. Nh2 Nf6 13. Ng3 h6 14. b3 d5 15. Bb2
d4 16. c3 dxc3 17. Bxc3 Nc6 18. Qf3 Ne5 19. Qxb7 Nxd3 20. Rad1 Qd5 21. Qxd5 Nxd5
22. Rxd3 Nxc3 23. Rxc3 Bd6 24. Nh5 Be5 25. Rf3 Bxh2+ 26. Kxh2 Re2 27. a4 Rae8
28. Rg3 g5 29. Nf6+ Kg7 30. Nxe8+ Rxe8 31. Rd1 a6 32. h4 f6 33. Rd6 Rb8 34. hxg5
hxg5 35. Rf3 1-0

[Event "AUTO-BEG-447"]
[Site "http://www.queenalice.com/game.php?id=933147"]
[Date "2011.5.2"]
[Round "2"]
[White "galego1"]
[Black "estes1"]
[Result "1-0"]
[WhiteElo "1756"]
[BlackElo "1549"]

1. e4 e5 2. Nf3 Nc6 3. Bb5 a6 4. Bxc6 dxc6 5. O-O Nf6 6. Nxe5 Bd6 7. Nf3 Bc5 8.
Nc3 O-O 9. h3 Be6 10. d3 Qc8 11. Ng5 Bd7 12. Be3 Be7 13. f4 h6 14. Nf3 Nh5 15.
Ne5 Ng3 16. Rf3 Nh5 17. Nxd7 Qxd7 18. f5 Rad8 19. Qe2 Bd6 20. g4 Nf6 21. g5 hxg5
22. Bxg5 Be5 23. Kh1 Rde8 24. Na4 Nh5 25. Bh4 Qd6 26. Rb1 b5 27. Nc3 Qh6 28. Rg1
Nf4 29. Qe1 f6 30. Qf2 Kf7 31. Ne2 Rh8 32. Nxf4 Qxh4 33. Qxh4 Rxh4 34. Ng6 Rh5
35. Nxe5+ Rxe5 36. Rfg3 Re8 37. Rxg7+ Kf8 38. Rg8+ Ke7 39. R1g7+ Kd8 40. Rxe8+
Kxe8 41. Rxc7 Rxh3+ 42. Kg2 Re3 43. Rxc6 1-0

[Event "AUTO-BEG-447"]
[Site "http://www.queenalice.com/game.php?id=933148"]
[Date "2011.5.2"]
[Round "2"]
[White "estes1"]
[Black "Newton"]
[Result "1-0"]
[WhiteElo "1541"]
[BlackElo "1021"]

1. e4 e5 2. Nf3 Nc6 3. Nc3 Nf6 4. d4 d6 5. d5 Ne7 6. Bb5+ c6 7. dxc6 Nxc6 8. O-O
Be7 9. h3 Be6 10. Nd5 O-O 11. Nxe7+ Qxe7 12. Re1 Qd7 13. Bg5 Nh5 14. Nxe5 dxe5
15. Qxh5 a6 16. Bd3 Nb4 17. Be2 f6 18. Be3 Nxc2 19. Red1 Qe7 20. Rac1 Nxe3 21.
fxe3 Bxa2 22. Qf5 Be6 23. Qf1 Rac8 24. Ra1 Rc2 25. Rdb1 Qe8 26. Qd1 Rc7 27. b4
Qg6 28. Kh2 Qxe4 29. Qd2 f5 30. Qd6 1-0

[Event "AUTO-BEG-447"]
[Site "http://www.queenalice.com/game.php?id=933149"]
[Date "2011.5.2"]
[Round "2"]
[White "Newton"]
[Black "estes1"]
[Result "0-1"]
[WhiteElo "1019"]
[BlackElo "1543"]

1. e4 e5 2. Nf3 Nc6 3. Bb5 Nf6 4. Nc3 Bd6 5. d4 exd4 6. Nxd4 O-O 7. Nxc6 dxc6 8.
Be2 Bb4 9. Qxd8 Rxd8 10. Bf3 Bg4 11. Bxg4 Nxg4 12. h3 Ne5 13. Bd2 Rd6 14. a3 Bc5
15. b3 Bxf2+ 16. Ke2 Bd4 17. Rad1 h6 18. Rdf1 Re8 19. Rd1 Ng6 20. Rhf1 Bxc3 21.
Bxc3 Rxe4+ 22. Kf2 Rde6 23. Kg1 Nf4 24. Rd8+ Kh7 25. Kh2 Rg6 26. Rf2 Re3 27. Bd2
Ne6 28. Bxe3 b6 29. Rd7 f6 30. c4 c5 0-1